<?xml version="1.0" encoding="UTF-8"?>
<record
    xmlns:xsi="http://www.w3.org/2001/XMLSchema-instance"
    xsi:schemaLocation="http://www.loc.gov/MARC21/slim http://www.loc.gov/standards/marcxml/schema/MARC21slim.xsd"
    xmlns="http://www.loc.gov/MARC21/slim">

  <leader>00648nam a22001937a 4500</leader>
  <controlfield tag="005">20240911124920.0</controlfield>
  <datafield tag="010" ind1=" " ind2=" ">
    <subfield code="a">ENG- 140823</subfield>
  </datafield>
  <datafield tag="020" ind1=" " ind2=" ">
    <subfield code="c">499.00</subfield>
    <subfield code="a">9789354714047</subfield>
  </datafield>
  <datafield tag="035" ind1=" " ind2=" ">
    <subfield code="a">EN-124355</subfield>
  </datafield>
  <datafield tag="037" ind1=" " ind2=" ">
    <subfield code="b">DBAD</subfield>
  </datafield>
  <datafield tag="082" ind1=" " ind2=" ">
    <subfield code="a">N</subfield>
    <subfield code="2">1</subfield>
  </datafield>
  <datafield tag="100" ind1=" " ind2=" ">
    <subfield code="a">Collins, Suzanne</subfield>
    <subfield code="9">71478</subfield>
  </datafield>
  <datafield tag="245" ind1=" " ind2=" ">
    <subfield code="a">The Hunger Games:</subfield>
    <subfield code="b">Tatching Fire/</subfield>
    <subfield code="c">By Suzanne Collins</subfield>
  </datafield>
  <datafield tag="260" ind1=" " ind2=" ">
    <subfield code="a">Dublin</subfield>
    <subfield code="b">Published in the UK by Schoastic,</subfield>
    <subfield code="c">2021</subfield>
  </datafield>
  <datafield tag="270" ind1=" " ind2=" ">
    <subfield code="b">Dublin</subfield>
    <subfield code="a">Euston House, 24 Eversholt street, london, NWI IDb Scholastic Ireland, 89E Lagan Road, Dublin Industrial Estate, Glasnevin,Dublin,</subfield>
    <subfield code="e">DII HP5F</subfield>
  </datafield>
  <datafield tag="300" ind1=" " ind2=" ">
    <subfield code="a">472pg.</subfield>
    <subfield code="c">20cm(hb)</subfield>
  </datafield>
  <datafield tag="760" ind1=" " ind2=" ">
    <subfield code="b">1</subfield>
  </datafield>
  <datafield tag="942" ind1=" " ind2=" ">
    <subfield code="2">ddc</subfield>
    <subfield code="c">EN</subfield>
    <subfield code="h">N</subfield>
    <subfield code="m">COL</subfield>
    <subfield code="e">1</subfield>
  </datafield>
  <datafield tag="999" ind1=" " ind2=" ">
    <subfield code="c">204011</subfield>
    <subfield code="d">204011</subfield>
  </datafield>
  <datafield tag="952" ind1=" " ind2=" ">
    <subfield code="0">0</subfield>
    <subfield code="1">0</subfield>
    <subfield code="4">0</subfield>
    <subfield code="7">0</subfield>
    <subfield code="8">NFIC</subfield>
    <subfield code="a">BL4</subfield>
    <subfield code="b">BL4</subfield>
    <subfield code="d">2024-07-08</subfield>
    <subfield code="e">DBDA</subfield>
    <subfield code="g">499.00</subfield>
    <subfield code="l">3</subfield>
    <subfield code="m">2</subfield>
    <subfield code="o">N COL</subfield>
    <subfield code="p">EN-124355</subfield>
    <subfield code="r">2025-12-30 00:00:00</subfield>
    <subfield code="s">2025-12-27</subfield>
    <subfield code="t">1</subfield>
    <subfield code="v">499.00</subfield>
    <subfield code="w">2024-07-08</subfield>
    <subfield code="y">EN</subfield>
  </datafield>
</record>
